000 00671nam a22002177a 4500
003 OSt
005 20260407110144.0
008 260407b |||||||| |||| 00| 0 eng d
020 _a9789710042425
040 _cHS LRC
050 _aF BS 612
_b.B471 2015 bk. 3
245 _aBible trivia :
_bSt. Paul national bible quiz reviewer /
_cSPNBQ Editorial Team
260 _aMakati City :
_bSt. Pauls,
_cc2015.
300 _a82 pages ;
_c22 cm.
365 _b80.00
440 _vBook 3
650 _aBible
_xExaminations, questions, etc.
_9131605
650 _aBible
_xMiscellenea
_9131606
710 _aSt. Paul National Bible Quiz
_eEditorial Team
_9131608
942 _2lcc
_cBK
999 _c94070
_d94070